000 00965nam a2200241Ia 4500
005 20240530110957.0
008 140319s1995 xx 000 0 ara d
020 _a9775107806
040 _aGCL /
_cGCL
082 0 4 _a658.3 /
_bب ث
_2الاولى
100 1 _aبيترز ، توم
245 1 0 _aثورة فى عالم الادارة :
_bكيف تتغلب اداريا على الفوضى /
_cتاليف بيترز ، توم ؛ مترجم محمد الحديدى ؛ مراجع صليب بطرس .
_nمج 1 . مج 2 .
250 _aالاولى
260 _aالقاهرة :
_bالدار الدولية للنشر والتوزيع ،
_c1995
300 _aمتعدد 2 مج ؛
_c24 سم
650 0 4 _aالادارة
650 0 4 _aالادارة - تطوير
650 0 4 _aالفوضى
700 _aمحمد الحديدى
_eمترجم
700 _aصليب بطرس
_eمراجع
942 _2ddc
_cBK
999 _c67111
_d67111